000 00451nam a2200169Ia 4500
003 GCL
008 140319s9999 xx 000 0 eng d
040 _aGCL /
_cGCL
082 0 4 _a330.01
_bT M
100 1 _aTHOMAS, R.L.
245 1 0 _aMODERN ECONOMETRICS: AN INTRODUCTION. /
_cTHOMAS, R.L.
260 _a[S.N] :
_bADDISON - WESLEY PUBLISHING COMPANY ،
_c1996
300 _a535 P
650 0 4 _aECONOMETRICS
650 0 4 _aECONOMY
942 _2ddc
_cBK
999 _c13108
_d13108